| 000 | 00596nam a2200217 a 4500 | ||
|---|---|---|---|
| 005 | 20140310183337.0 | ||
| 008 | 061024s19uu xx 00 eng d | ||
| 020 | _a0-07-115626-7 | ||
| 050 |
_aHF 5438.25 _b.W2933 1998 |
||
| 100 | _aWeitz, Bart A. | ||
| 245 |
_aSelling : _bbuilding partnerships / _cBart A. Weitz. |
||
| 250 | _a3rd ed. | ||
| 260 |
_aBoston : _bIrwin McGraw-Hill, _c1998. |
||
| 300 |
_a559 p. : _bcol. ill. ; _c25 cm. |
||
| 521 | _aBSBA | ||
| 650 | _aSelling. | ||
| 700 | _aCastleberry, Stephen B. | ||
| 700 | _aTanner, John F. | ||
| 942 |
_cBK _2lcc _kFOR |
||
| 999 |
_c21714 _d21714 |
||